000 01615nam a2200445 i 4500
001 196197
003 ES-MaACL
005 20250510063010.0
008 240818s2005 sp | ||| ||spa
016 7 _abimoBNE20050378536
_2SpMaBN
017 _aM 16225-2005
_bOficina Depósito Legal Madrid
020 _a8428315728
035 _a(OCoLC)433531052
035 _a(SpMaBN)bimo0002031796
035 _a991018720869708606
040 _aSpMaBN
_bspa
_cSpMaBN
_erdc
080 _a696.1(035)
100 0 _aAuguste, Pierre
_923895
_eaut
240 1 0 _aDévenez un bon plombier
_lEspañol
245 1 0 _aFontanería /
_cPierre Auguste ; [traducido por, Pío Acero López].
250 _a8ª ed., 2ª reimp.
260 _aMadrid :
_bThomson-Paraninfo,
_c2005.
300 _a127 p. :
_bil. ;
_c22 cm.
336 _2rdacontent
_atexto
337 _2rdamedia
_asin mediación
338 _2rdacarrier
_avolumen
490 1 _aBricolaje (Editorial Paraninfo)
500 _aÍndice
594 _aTraducción de: Dévenez un bon plombier
650 0 _aFontanería-
_vManuales para aficionados
_2embne
_9238486
700 _aAcero López, Pío
_etrl
_9240266
830 _aBricolaje (Editorial Paraninfo)
_9238487
852 _aES-MaACL
_bR.152548
_cDEPOJ
_jN-9272
_hDonación: José Lázaro García
_xEncuadernación rústica
_9205295
903 _9234219
_aLázaro García, José
_ednr
942 _cMONOGRAFIA
_n0
999 _c196197
_d196197